000 00655nam a2200193Ia 4500
003 IN-BaIIA
008 211028s9999 xx 000 0 eng d
040 _cIIA Library
080 _a083:539.19
_bPHI
100 _aDavis, S. P.
_99869
245 4 _aThe swan system of the C2 molecule
_bthe spectrum of the HgH molecule
_cS. P. Davis and J. G. Phillips
260 _aBerkeley
_bUniversity of California Press
_c1968
300 _a260p.
650 _aCarbon - spectra
_99870
650 _aMercury hydride - spectra
_99871
650 _aMolecular spectroscopy
700 _aPhilips, J. G.
_99872
942 _cBK
999 _c5692
_d5692